| 000 | 01516nam2a2200277 4500 | ||
|---|---|---|---|
| 001 | RU\NLR\bibl\1284488 | ||
| 005 | 20260406070258.0 | ||
| 021 |
_aRU _b2008-66189 _93773 |
||
| 035 | _a(NLR Aleph) 001270221 | ||
| 090 |
_a434338 _c434338 |
||
| 100 | _a20081015d2008 |||y0rusy50 ca | ||
| 101 | 0 | _arus | |
| 102 | _aRU | ||
| 105 | _aa ||||||||| | ||
| 200 | 1 | _a[Святой преподобный Петр, царевич Ордынский. Преподобный Прокопий Христа ради юродивый, Устюжский чудотворец] | |
| 210 |
_d2008 _aБ. м. |
||
| 215 |
_a32 с. _cил. |
||
| 461 | 0 |
_1001RU\NLR\bibl\1309839 _12001#$aИз истории русской церкви$vВып. 3 _9584900 _cМосква _d2008 _nОбщество содействия православному просвещению "Изографъ" _oсборник статей : [для внебогослужебных собеседований] _tИз истории русской церкви _vВып. 3 |
|
| 517 | 0 | _aПреподобный Прокопий Христа ради юродивый, Устюжский чудотворец | |
| 702 | 0 |
_4570 _8rus _7ca _aПетр _cцаревич Ордынский _f-1290 _3RU\NLR\AUTH\7780344 _963272 |
|
| 702 | 0 |
_4570 _8rus _7ca _aПрокопий Устюжский _cсвятой юродивый _f-1303 _3RU\NLR\AUTH\7715582 _9125231 |
|
| 801 | 0 |
_aRU _bNLR _c20081015 _gRCR |
|
| 801 | 1 |
_aRU _bNLR _c20081015 |
|
| 942 | _cBOOK | ||
| 980 | _aNB | ||